[Event "Llinars del Valles op-A 5th"]
[Site "Llinars del Valles"]
[Date "2011.05.14"]
[Round "3"]
[White "Torres Coronas, Carles"]
[Black "Clavell Hernandez, Gemma"]
[Result "1-0"]
[WhiteElo "1935"]
[BlackElo "1642"]
[PlyCount "73"]
[EventDate "2011.04.30"]
[EventType "swiss"]
[EventRounds "7"]
[EventCountry "ESP"]
[SourceTitle "EXT 2012"]
[Source "ChessBase"]
[SourceDate "2011.11.24"]
[SourceVersion "1"]
[SourceVersionDate "2011.11.24"]
[SourceQuality "1"]

1. d4 d5 2. Nf3 Nc6 3. e3 Bg4 4. Be2 Nf6 5. Nbd2 e6 6. 0-0 Bd6 7. c4 0-0 8. a3 a5 9. c5 Be7 10. Re1 b6 11. Qa4 Qd7 12. Bb5 Rab8 13. Ne5 Qe8 14. Nxc6 Ra8 15. Ne5 Qc8 16. c6 Re8 17. Nxg4 Nxg4 18. Nf3 Bd6 19. h3 Nf6 20. Ne5 Bxe5 21. dxe5 Ne4 22. Qc2 Qd8 23. b3 Qh4 24. Bb2 Rf8 25. Bd3 h6 26. Bxe4 dxe4 27. Rad1 Rad8 28. Rxd8 Rxd8 29. Rd1 Rxd1+ 30. Qxd1 Qe7 31. Qd7 Kf8 32. Qxe7+ Kxe7 33. f4 exf3 34. gxf3 f6 35. a4 Kf7 36. Bd4 Kg6 37. Bxb6 1-0

[Event "Llinars del Valles op-A 4th"]
[Site "Llinars del Valles"]
[Date "2010.05.01"]
[Round "4"]
[White "Torres Coronas, Carles"]
[Black "Amores Gago, Javier"]
[Result "0-1"]
[WhiteElo "1954"]
[BlackElo "1820"]
[PlyCount "54"]
[EventDate "2010.04.10"]
[EventType "swiss"]
[EventRounds "7"]
[EventCountry "ESP"]
[SourceTitle "EXT 2012"]
[Source "ChessBase"]
[SourceDate "2011.11.24"]
[SourceVersion "1"]
[SourceVersionDate "2011.11.24"]
[SourceQuality "1"]

1. d4 c5 2. Nf3 cxd4 3. Nxd4 Nf6 4. g3 Nc6 5. Bg2 e6 6. 0-0 d5 7. c4 Bc5 8. Nxc6 bxc6 9. Nc3 0-0 10. Bg5 h6 11. Bd2 Re8 12. Na4 Bd6 13. cxd5 cxd5 14. Nc3 Rb8 15. b3 Ba6 16. Re1 Be5 17. Rc1 Qe7 18. Qc2 Rec8 19. Qb1 Nd7 20. Na4 Qa3 21. Bf1 Bb5 22. Nc3 Bc4 23. Rc2 Bxb3 24. Nb5 Bxc2 25. Nxa3 Bxb1 26. Nxb1 Rb2 27. a4 Rcb8 0-1

[Event "Llinars del Valles op-A 4th"]
[Site "Llinars del Valles"]
[Date "2010.04.24"]
[Round "3"]
[White "Campos Cayuelas, Marc"]
[Black "Torres Coronas, Carles"]
[Result "1/2-1/2"]
[WhiteElo "2094"]
[BlackElo "1954"]
[PlyCount "101"]
[EventDate "2010.04.10"]
[EventType "swiss"]
[EventRounds "7"]
[EventCountry "ESP"]
[SourceTitle "EXT 2012"]
[Source "ChessBase"]
[SourceDate "2011.11.24"]
[SourceVersion "1"]
[SourceVersionDate "2011.11.24"]
[SourceQuality "1"]

1. e4 e6 2. d4 d5 3. Bd3 Be7 4. e5 c5 5. Qg4 g6 6. c3 Nc6 7. a3 Qb6 8. Nf3 h5 9. Qf4 Nh6 10. b4 cxd4 11. cxd4 Nf5 12. Bb2 Bd7 13. Nbd2 Rg8 14. h4 Rc8 15. g4 Nxh4 16. Nxh4 g5 17. Qe3 gxh4 18. gxh5 Qd8 19. Nf3 f5 20. h6 Kf7 21. Ke2 Bg5 22. Nxg5+ Qxg5 23. Qxg5 Rxg5 24. Rxh4 Rh8 25. Rc1 a6 26. a4 Nxb4 27. Rc7 Ke7 28. Ba3 Kd8 29. Rxb7 Nxd3 30. Kxd3 Rg6 31. Bc1 Rgg8 32. a5 Kc8 33. Rb6 Kc7 34. Kc3 Rg1 35. Be3 Bc8 36. Rh5 Rg4 37. Bg5 Kd7 38. Rd6+ Kc7 39. Bd8+ Kb7 40. Bf6 Rh7 41. Rd8 Rg6 42. Rh8 Rc7+ 43. Kd3 Bd7 44. h7 Bb5+ 45. Kd2 Rg4 46. Rh4 Rg2 47. Rg8 Rxf2+ 48. Ke3 Rf1 49. h8Q Rc3+ 50. Kd2 Rd3+ 51. Kc2 1/2-1/2